[Event "GRE-chT 52nd"]
[Site "Loutraki"]
[Date "2025.07.03"]
[Round "6.39"]
[White "Kassios, Dimitrios"]
[Black "Stathatos, Alexandros"]
[Result "0-1"]
[WhiteElo "2176"]
[BlackElo "2070"]
[PlyCount "110"]
[EventDate "2025.06.28"]
[EventType "team-swiss"]
[EventRounds "7"]
[EventCountry "GRE"]
[SourceTitle "CB28_2025"]
[SourceDate "2025.07.09"]
[SourceVersion "1"]
[SourceVersionDate "2025.07.09"]
[SourceQuality "1"]
[WhiteTeam "OFI"]
[BlackTeam "Ippotis Rodi"]
[WhiteTeamCountry "GRE"]
[BlackTeamCountry "GRE"]

1. e4 c5 2. Nf3 Nc6 3. Bb5 Nf6 4. Bxc6 dxc6 5. d3 g6 6. h3 Bg7 7. Nc3 Nd7 8. Be3 e5 9. Qd2 h6 10. 0-0 b6 11. Nh2 Nf8 12. f4 exf4 13. Bxf4 Ne6 14. Be3 Bd4 15. Ng4 h5 16. Qf2 Bxe3 17. Nxe3 0-0 18. Rae1 Qg5 19. Qf6 Qxf6 20. Rxf6 Nd4 21. Rf2 f5 22. exf5 Bxf5 23. Ref1 Be6 24. b3 Rxf2 25. Rxf2 Re8 26. Ne4 Kg7 27. Nc4 Bxc4 28. bxc4 h4 29. Kf1 Nf5 30. Ke2 Nd6 31. Ke3 b5 32. cxb5 cxb5 33. Rf4 Re5 34. Rf1 Nxe4 35. dxe4 Rg5 36. Rf2 Rg3+ 37. Kf4 Ra3 38. Ke5 Rxa2 39. Kd5 b4 40. Kc4 Rb2 41. Rd2 Kh6 42. Kd3 c4+ 43. Kxc4 b3 44. Rd3 Rxc2+ 45. Kxb3 Rxg2 46. Kc4 Rg3 47. Rd1 Rxh3 48. Re1 Rf3 49. e5 g5 50. e6 Rf8 51. Kd5 g4 52. Re5 h3 53. e7 Re8 54. Ke6 h2 55. Re1 g3 0-1

[Event "GRE-chT 52nd"]
[Site "Loutraki"]
[Date "2025.07.02"]
[Round "5.19"]
[White "Kassios, Dimitrios"]
[Black "Balafoutas, Alexandros"]
[Result "1-0"]
[WhiteElo "2176"]
[BlackElo "1757"]
[PlyCount "81"]
[EventDate "2025.06.28"]
[EventType "team-swiss"]
[EventRounds "7"]
[EventCountry "GRE"]
[SourceTitle "CB28_2025"]
[SourceDate "2025.07.09"]
[SourceVersion "1"]
[SourceVersionDate "2025.07.09"]
[SourceQuality "1"]
[WhiteTeam "OFI"]
[BlackTeam "Thessaloniki Aris"]
[WhiteTeamCountry "GRE"]
[BlackTeamCountry "GRE"]

1. e4 c5 2. Nf3 d6 3. d4 cxd4 4. Nxd4 Nf6 5. Nc3 a6 6. h3 e5 7. Nf3 Be7 8. g4 Nc6 9. g5 Nd7 10. Be3 Nb6 11. Qd2 Be6 12. Nd5 Na4 13. Bg2 Nc5 14. Ng1 Rc8 15. Ne2 Nb8 16. 0-0-0 Bxd5 17. exd5 Nbd7 18. h4 b5 19. h5 Nb6 20. b3 f5 21. gxf6 Bxf6 22. Ng3 a5 23. Ne4 Nxe4 24. Bxe4 a4 25. Qd3 axb3 26. axb3 Nd7 27. Bxh7 Qa5 28. h6 Qa3+ 29. Kd2 Qb4+ 30. Ke2 Qg4+ 31. Ke1 Qf3 32. Be4 Qg4 33. Bf5 Qb4+ 34. Ke2 Nc5 35. Bxc5 Rxc5 36. hxg7 Bxg7 37. Rxh8+ Bxh8 38. Qh3 Bf6 39. Qh5+ Kd8 40. Qf7 Qh4 41. Qd7# 1-0

[Event "GRE-chT 52nd"]
[Site "Loutraki"]
[Date "2025.06.30"]
[Round "3.29"]
[White "Ouzounis, Konstantinos Kyr"]
[Black "Kassios, Dimitrios"]
[Result "1/2-1/2"]
[WhiteElo "1926"]
[BlackElo "2176"]
[PlyCount "123"]
[EventDate "2025.06.28"]
[EventType "team-swiss"]
[EventRounds "7"]
[EventCountry "GRE"]
[SourceTitle "CB28_2025"]
[SourceDate "2025.07.09"]
[SourceVersion "1"]
[SourceVersionDate "2025.07.09"]
[SourceQuality "1"]
[WhiteTeam "Thessaloniki Lefkos Pyrgos"]
[BlackTeam "OFI"]
[WhiteTeamCountry "GRE"]
[BlackTeamCountry "GRE"]

1. d4 d5 2. c4 e6 3. Nc3 Nf6 4. cxd5 exd5 5. Bg5 c6 6. e3 h6 7. Bh4 Be7 8. Bd3 0-0 9. Bg3 Re8 10. h3 c5 11. dxc5 Bxc5 12. Nge2 Nc6 13. 0-0 a6 14. a3 d4 15. exd4 Nxd4 16. Rc1 Be6 17. Nxd4 Bxd4 18. Be2 Qd7 19. Bf3 Red8 20. Qa4 Qxa4 21. Nxa4 Bd5 22. Bxd5 Rxd5 23. Bc7 Re8 24. Bb6 Re2 25. b4 Bxb6 26. Nxb6 Rd3 27. a4 Rb3 28. Rc8+ Kh7 29. b5 axb5 30. Rc7 bxa4 31. Nxa4 Rb4 32. Nc3 Rc2 33. Nd5 Rxc7 34. Nxb4 Kg6 35. g4 Rc3 36. Kg2 Rb3 37. Nc2 Nd5 38. Nd4 Nf4+ 39. Kg1 Rd3 40. Nf5 Nxh3+ 41. Kh2 Nf4 42. Rb1 Rd7 43. Rb6+ f6 44. Kg3 Nd5 45. Rb5 Nc3 46. Rb6 Ne4+ 47. Kf3 Nc5 48. Rb5 Nd3 49. Kg3 Ne5 50. Nh4+ Kf7 51. Nf5 Ke6 52. f4 Nc4 53. Kf3 b6 54. Ke2 g5 55. Nxh6 gxf4 56. Nf5 Rd5 57. Rb4 Rc5 58. Kd3 Kd5 59. Ne7+ Ke6 60. Nf5 Kd5 61. Ne7+ Ke5 62. Ng6+ 1/2-1/2

[Event "Athens Iraklion op 27th"]
[Site "Athens"]
[Date "2025.06.15"]
[Round "2"]
[White "Tsanas, Nikolaos"]
[Black "Kassios, Dimitrios"]
[Result "0-1"]
[WhiteElo "1912"]
[BlackElo "2197"]
[PlyCount "66"]
[EventDate "2025.06.14"]
[EventType "swiss"]
[EventRounds "9"]
[EventCountry "GRE"]
[SourceTitle "CB26_2025"]
[SourceDate "2025.06.25"]
[SourceVersion "1"]
[SourceVersionDate "2025.06.25"]
[SourceQuality "1"]

1. e4 e5 2. Nf3 Nc6 3. Bb5 a6 4. Ba4 Nf6 5. 0-0 b5 6. Bb3 Bc5 7. a4 Rb8 8. c3 d6 9. d4 Bb6 10. a5 Ba7 11. h3 h6 12. Re1 Bb7 13. Be3 Ra8 14. Nbd2 0-0 15. Bc2 Re8 16. d5 Ne7 17. Nf1 c6 18. dxc6 Bxc6 19. Ng3 Qc7 20. Bxa7 Rxa7 21. Nh2 Ng6 22. Ng4 Nxg4 23. Qxg4 Qe7 24. Nf5 Qf6 25. Rad1 Rd8 26. Bb3 Nf4 27. Qh4 Qxh4 28. Nxh4 g6 29. Kh2 Kg7 30. g3 Nh5 31. Ng2 Rad7 32. f3 d5 33. exd5 Bxd5 0-1

[Event "Athens Iraklion op 27th"]
[Site "Athens"]
[Date "2025.06.14"]
[Round "9"]
[White "Kassios, Dimitrios"]
[Black "Ergazakis, Ioannis"]
[Result "0-1"]
[WhiteElo "2197"]
[BlackElo "2194"]
[PlyCount "68"]
[EventDate "2025.06.14"]
[EventType "swiss"]
[EventRounds "9"]
[EventCountry "GRE"]
[SourceTitle "CB26_2025"]
[SourceDate "2025.06.25"]
[SourceVersion "1"]
[SourceVersionDate "2025.06.25"]
[SourceQuality "1"]

1. e4 c5 2. Nf3 d6 3. d4 cxd4 4. Nxd4 Nf6 5. Nc3 a6 6. h3 g6 7. Be3 Bg7 8. Qd2 b5 9. Bd3 Bb7 10. f3 Nbd7 11. Bh6 Bxh6 12. Qxh6 Qb6 13. Nb3 b4 14. Ne2 a5 15. 0-0-0 a4 16. Nd2 Nc5 17. Nc4 Qc7 18. Qg7 Nxd3+ 19. cxd3 Rg8 20. Qh6 g5 21. h4 Rg6 22. Qxg6 hxg6 23. hxg5 Nd7 24. Kb1 d5 25. Ne3 Qb6 26. Ng4 0-0-0 27. Rd2 Kb8 28. Rhd1 Nc5 29. Nd4 Ne6 30. Nxe6 Qxe6 31. e5 d4 32. Re2 Bd5 33. a3 Ba2+ 34. Ka1 Bb3 0-1

[Event "EU-ch U16"]
[Site "Prague"]
[Date "2024.08.28"]
[Round "6"]
[White "Krawczyk, Flawian"]
[Black "Kassios, Dimitrios"]
[Result "1-0"]
[WhiteElo "2263"]
[BlackElo "2116"]
[PlyCount "49"]
[EventDate "2024.08.22"]
[EventType "swiss"]
[EventRounds "9"]
[EventCountry "CZE"]
[SourceTitle "CBM 221 Extra"]
[Source "ChessBase"]
[SourceDate "2024.09.30"]
[SourceVersion "1"]
[SourceVersionDate "2024.09.30"]
[SourceQuality "1"]

1. e4 e5 2. Nf3 Nc6 3. Bb5 a6 4. Ba4 Nf6 5. 0-0 b5 6. Bb3 Bc5 7. d3 d6 8. c3 Bb6 9. a4 Rb8 10. Na3 0-0 11. axb5 axb5 12. Nxb5 Bc5 13. Bc4 d5 14. exd5 Nxd5 15. d4 exd4 16. Nbxd4 Bxd4 17. Nxd4 Ne5 18. Be2 c5 19. Nb3 Bf5 20. Nxc5 Qd6 21. Nb3 Rfd8 22. Nd4 Bg6 23. f4 Nc6 24. f5 Nxd4 25. cxd4 1-0

[Event "Aegean op 47th"]
[Site "Aghios Kirykos"]
[Date "2024.07.15"]
[Round "7"]
[White "Kassios, Dimitrios"]
[Black "Tzovanis, Anastasios Anagnost"]
[Result "1-0"]
[WhiteElo "2136"]
[BlackElo "1978"]
[PlyCount "147"]
[EventDate "2024.07.11"]
[EventType "swiss"]
[EventRounds "9"]
[EventCountry "GRE"]
[SourceTitle "CBM 221 Extra"]
[Source "ChessBase"]
[SourceDate "2024.09.30"]
[SourceVersion "1"]
[SourceVersionDate "2024.09.30"]
[SourceQuality "1"]

1. e4 e6 2. d4 d5 3. Nd2 Nf6 4. e5 Nfd7 5. Bd3 c5 6. c3 Nc6 7. Ne2 cxd4 8. cxd4 f6 9. exf6 Nxf6 10. 0-0 Bd6 11. Nf3 0-0 12. Ng3 e5 13. dxe5 Nxe5 14. Nxe5 Bxe5 15. Qb3 Kh8 16. h3 Qd6 17. Bd2 a5 18. Nf5 Bxf5 19. Bxf5 Ne4 20. Bxe4 dxe4 21. Rad1 Qc6 22. a4 h6 23. Rc1 Qd7 24. Rfd1 Qf7 25. Qxf7 Rxf7 26. Bc3 Bxc3 27. Rxc3 Ra6 28. Rc5 Raf6 29. Rd2 Rf5 30. Rc8+ Kh7 31. Re8 Rf4 32. b3 Rc7 33. Re5 b6 34. Re6 Rb7 35. Re5 Rc7 36. Rd6 e3 37. fxe3 Rb4 38. Rd3 Rc1+ 39. Kf2 Rb1 40. Rb5 Rxb5 41. axb5 Kg6 42. e4 Kf6 43. Kf3 Ke5 44. Kg4 Kxe4 45. Rg3 Ke5 46. Kh5 Kf6 47. Rf3+ Ke7 48. Kg6 Re1 49. Kxg7 h5 50. Kg6 h4 51. Kg5 Re2 52. Kxh4 Rxg2 53. Rg3 Rd2 54. Kg5 Rd5+ 55. Kg6 Kf8 56. h4 Rd6+ 57. Kh7 Rd7+ 58. Kh8 Rd6 59. Rf3+ Ke7 60. Kg7 Rd5 61. Re3+ Kd7 62. Rh3 Ke7 63. Re3+ Kd7 64. Kg6 Rxb5 65. h5 Rb4 66. h6 Rg4+ 67. Kh5 Rg8 68. h7 Rh8 69. Kg6 Kc6 70. Re5 b5 71. Kg7 Rd8 72. h8Q Rxh8 73. Kxh8 a4 74. bxa4 1-0

[Event "Aegean op 47th"]
[Site "Aghios Kirykos"]
[Date "2024.07.14"]
[Round "5"]
[White "Kassios, Dimitrios"]
[Black "Georgiou, Konstantinos"]
[Result "1-0"]
[WhiteElo "2136"]
[BlackElo "1718"]
[PlyCount "179"]
[EventDate "2024.07.11"]
[EventType "swiss"]
[EventRounds "9"]
[EventCountry "GRE"]
[SourceTitle "CBM 221 Extra"]
[Source "ChessBase"]
[SourceDate "2024.09.30"]
[SourceVersion "1"]
[SourceVersionDate "2024.09.30"]
[SourceQuality "1"]

1. e4 e5 2. Nf3 Nc6 3. Bb5 a6 4. Ba4 f5 5. d4 exd4 6. e5 b5 7. Bb3 Na5 8. Qxd4 Bb7 9. Bd5 Nc6 10. Qf4 Nge7 11. Nc3 Nxd5 12. Nxd5 Na5 13. Ne3 g6 14. Bd2 c5 15. g4 fxg4 16. Ng5 Qe7 17. Ne4 Bh6 18. Nf6+ Kf7 19. Qxh6 Bxh1 20. Bxa5 Bf3 21. Qf4 Kg7 22. Nh5+ Kg8 23. Nf6+ Kg7 24. Bc3 b4 25. Bd2 h5 26. Nfd5 Qf7 27. Qxf7+ Kxf7 28. Nb6 Rad8 29. a3 a5 30. axb4 axb4 31. Ra5 h4 32. Kf1 g3 33. h3 Rb8 34. Nec4 Bg4 35. Kg2 Bxh3+ 36. Kxh3 gxf2 37. Ra1 Ke6 38. Bg5 Rh5 39. Be3 Rf5 40. Rf1 Rbf8 41. Nd2 Rxe5 42. Nbc4 Ref5 43. Nb3 Kd5 44. Ncd2 d6 45. Kxh4 Ke6 46. Kg3 Rd5 47. Rxf2 Rxf2 48. Kxf2 Re5 49. Nf3 Rf5 50. Ke2 Kd5 51. Nbd2 Rh5 52. Bf4 Rh8 53. Nf1 Ra8 54. Ne3+ Kc6 55. Nc4 d5 56. Nfe5+ Kb5 57. Ne3 d4 58. N3c4 Rf8 59. Bg5 Rh8 60. b3 Rh2+ 61. Kd1 Rg2 62. Be7 g5 63. Nd6+ Kb6 64. Ne4 g4 65. Bxc5+ Kb5 66. Bxd4 g3 67. Nf3 Kc6 68. Nf6 Rh2 69. Ng4 Rh1+ 70. Kd2 Kd5 71. Nf6+ Ke6 72. Ne4 g2 73. Bg1 Kf5 74. Ke3 Rh8 75. Nd4+ Ke5 76. Ng5 Rc8 77. Ngf3+ Kd5 78. Kf2 Rg8 79. Nf5 Ke4 80. Ng3+ Kf4 81. Bh2 Rc8 82. Ne1 Ke5 83. Nd3+ Kd4 84. Ne2+ Ke4 85. Nxb4 Rf8+ 86. Kxg2 Ke3 87. Nf4 Kd2 88. Bg3 Rb8 89. Nfd5 Kc1 90. Bxb8 1-0

[Event "Aegean op 47th"]
[Site "Aghios Kirykos"]
[Date "2024.07.11"]
[Round "1"]
[White "Tsamtsouris, Efthymios"]
[Black "Kassios, Dimitrios"]
[Result "1/2-1/2"]
[WhiteElo "1794"]
[BlackElo "2136"]
[PlyCount "103"]
[EventDate "2024.07.11"]
[EventType "swiss"]
[EventRounds "9"]
[EventCountry "GRE"]
[SourceTitle "CBM 221 Extra"]
[Source "ChessBase"]
[SourceDate "2024.09.30"]
[SourceVersion "1"]
[SourceVersionDate "2024.09.30"]
[SourceQuality "1"]

1. d4 d5 2. c4 e6 3. Nc3 c5 4. cxd5 cxd4 5. Qa4+ Bd7 6. Qxd4 exd5 7. Qxd5 Nf6 8. Qd1 Bc5 9. e3 0-0 10. Nf3 Qe7 11. Be2 Rd8 12. 0-0 Nc6 13. a3 Ne5 14. Nd5 Qd6 15. Nxf6+ Qxf6 16. Qd5 Bd6 17. Nxe5 Qxe5 18. Qxe5 Bxe5 19. f4 Bf6 20. Bf3 Bb5 21. Re1 Rac8 22. a4 Ba6 23. e4 Bd4+ 24. Be3 Bxb2 25. Rad1 b6 26. Rxd8+ Rxd8 27. Rd1 Rxd1+ 28. Bxd1 Bd3 29. e5 Be4 30. Bb3 Kf8 31. Kf2 Bc3 32. g3 Ke7 33. Bc1 Bd4+ 34. Be3 Bc3 35. Bc1 Bb4 36. Ke2 Bc6 37. Be3 b5 38. axb5 Bxb5+ 39. Kd1 a5 40. Bd2 Bxd2 41. Kxd2 Bd7 42. Kc3 Be6 43. Bc2 g6 44. Kb2 Bd7 45. Ka3 f6 46. exf6+ Kxf6 47. h4 h6 48. Bd3 Be8 49. g4 Bd7 50. g5+ Kg7 51. gxh6+ Kxh6 52. Bxg6 1/2-1/2

[Event "GRE-chT 51st"]
[Site "Trikala"]
[Date "2024.07.08"]
[Round "5.9"]
[White "Hartofylakas, Spyros"]
[Black "Kassios, Dimitrios"]
[Result "1/2-1/2"]
[WhiteElo "2133"]
[BlackElo "2136"]
[PlyCount "86"]
[EventDate "2024.07.04"]
[EventType "team-swiss"]
[EventRounds "7"]
[EventCountry "GRE"]
[SourceTitle "CBM 221 Extra"]
[Source "ChessBase"]
[SourceDate "2024.09.30"]
[SourceVersion "1"]
[SourceVersionDate "2024.09.30"]
[SourceQuality "1"]
[WhiteTeam "Trikalon Skaki"]
[BlackTeam "OFI"]
[WhiteTeamCountry "GRE"]
[BlackTeamCountry "GRE"]

1. e4 e5 2. Nf3 Nc6 3. d4 exd4 4. Nxd4 Nf6 5. Nxc6 bxc6 6. Bd3 d5 7. exd5 cxd5 8. 0-0 c6 9. c4 Be6 10. cxd5 Nxd5 11. a3 Bd6 12. Qc2 Qc7 13. h3 h6 14. Bd2 0-0 15. Nc3 Nxc3 16. Bxc3 c5 17. Rfe1 Rfe8 18. Bh7+ Kf8 19. Bf5 Bd5 20. Be4 Bxe4 21. Rxe4 Kg8 22. Rae1 Qc6 23. Qe2 Rxe4 24. Qxe4 Qxe4 25. Rxe4 Rc8 26. Kf1 c4 27. Ke2 f6 28. Kd2 Kf7 29. g4 g6 30. Kc2 a6 31. Re1 Rc6 32. Bd4 Bc7 33. Rd1 Ke6 34. Be3 h5 35. gxh5 gxh5 36. Rd4 Kf5 37. Rh4 Kg6 38. Re4 Be5 39. Bd4 Kf5 40. Rh4 Kg5 41. Re4 Kf5 42. Rh4 Kg5 43. Re4 Kf5 1/2-1/2

[Event "GRE-chT 51st"]
[Site "Trikala"]
[Date "2024.07.05"]
[Round "2.9"]
[White "Kassios, Dimitrios"]
[Black "Bartzos, Iasonas"]
[Result "1-0"]
[WhiteElo "2136"]
[BlackElo "1633"]
[PlyCount "28"]
[EventDate "2024.07.04"]
[EventType "team-swiss"]
[EventRounds "7"]
[EventCountry "GRE"]
[SourceTitle "CBM 221 Extra"]
[Source "ChessBase"]
[SourceDate "2024.09.30"]
[SourceVersion "1"]
[SourceVersionDate "2024.09.30"]
[SourceQuality "1"]
[WhiteTeam "OFI"]
[BlackTeam "Panellinios GS"]
[WhiteTeamCountry "GRE"]
[BlackTeamCountry "GRE"]

1. e4 c5 2. Nf3 d6 3. d4 cxd4 4. Nxd4 Nf6 5. Nc3 g6 6. Be3 Bg7 7. f3 0-0 8. Qd2 Nc6 9. 0-0-0 d5 10. exd5 Nxd5 11. Nxc6 bxc6 12. Bd4 e5 13. Bc5 Re8 14. Ne4 Bb7 1-0

[Event "GRE-ch U16"]
[Site "Peristeri"]
[Date "2024.06.28"]
[Round "9"]
[White "Triantafyllakis, Dimitrios"]
[Black "Kassios, Dimitrios"]
[Result "1-0"]
[WhiteElo "1961"]
[BlackElo "1994"]
[PlyCount "99"]
[EventDate "2024.06.22"]
[EventType "swiss"]
[EventRounds "9"]
[EventCountry "GRE"]
[SourceTitle "EXT 2025"]
[Source "ChessBase"]
[SourceDate "2024.10.14"]
[SourceVersion "1"]
[SourceVersionDate "2024.10.14"]
[SourceQuality "1"]

1. e4 e5 2. Nf3 Nc6 3. Bb5 a6 4. Ba4 Nf6 5. d3 b5 6. Bb3 Bc5 7. 0-0 d6 8. c3 Bb6 9. h3 h6 10. Re1 0-0 11. Nbd2 Na5 12. Bc2 c5 13. Nf1 Nc6 14. a4 Bb7 15. Ne3 Ne7 16. Ng4 Ng6 17. d4 cxd4 18. cxd4 Rc8 19. axb5 axb5 20. Nxf6+ Qxf6 21. d5 Nf4 22. Bxf4 Qxf4 23. Bd3 b4 24. Qd2 Qxd2 25. Nxd2 f5 26. Nc4 Bd4 27. Nxd6 fxe4 28. Nxc8 Bxf2+ 29. Kh2 exd3 30. Ne7+ Kf7 31. Rxe5 Bd4 32. Re4 Bf6 33. Rxb4 Rb8 34. Nc6 Bxc6 35. Rxb8 Bxd5 36. Rb5 Bc4 37. Rb4 Be6 38. Rd1 Bf5 39. g4 Bg6 40. Kg3 Ke7 41. Kf3 h5 42. Ke3 Bg5+ 43. Kd4 d2 44. Kc3 hxg4 45. hxg4 Bf6+ 46. Kxd2 Bg5+ 47. Ke2 Bf7 48. Rb7+ Kf8 49. Rf1 Bf6 50. Rxf7+ 1-0

[Event "GRE-ch U16"]
[Site "Peristeri"]
[Date "2024.06.23"]
[Round "3"]
[White "Giannoulis, Grigorios"]
[Black "Kassios, Dimitrios"]
[Result "1/2-1/2"]
[WhiteElo "1905"]
[BlackElo "1994"]
[PlyCount "58"]
[EventDate "2024.06.22"]
[EventType "swiss"]
[EventRounds "9"]
[EventCountry "GRE"]
[SourceTitle "EXT 2025"]
[Source "ChessBase"]
[SourceDate "2024.10.14"]
[SourceVersion "1"]
[SourceVersionDate "2024.10.14"]
[SourceQuality "1"]

1. e4 e5 2. Nf3 Nc6 3. Bb5 a6 4. Ba4 f5 5. d4 exd4 6. Nxd4 Qe7 7. Bxc6 dxc6 8. 0-0 fxe4 9. Nc3 c5 10. Nxe4 cxd4 11. Re1 Be6 12. Ng5 0-0-0 13. Nxe6 Rd6 14. Qg4 Qd7 15. Bf4 Nf6 16. Qf5 Rd5 17. Re5 Rg8 18. Rd1 Bc5 19. c4 Rxe5 20. Bxe5 Re8 21. Bxf6 Qxe6 22. Qxe6+ Rxe6 23. Bxg7 d3 24. Kf1 Re2 25. Rxd3 Rxf2+ 26. Ke1 Rxg2 27. Be5 Rg4 28. Bf6 b6 29. Rh3 Be7 1/2-1/2

[Event "GRE-ch U16"]
[Site "Peristeri"]
[Date "2024.06.23"]
[Round "2"]
[White "Kassios, Dimitrios"]
[Black "Sitsanis, Nikolaos1"]
[Result "1-0"]
[WhiteElo "1994"]
[BlackElo "1834"]
[PlyCount "65"]
[EventDate "2024.06.22"]
[EventType "swiss"]
[EventRounds "9"]
[EventCountry "GRE"]
[SourceTitle "EXT 2025"]
[Source "ChessBase"]
[SourceDate "2024.10.14"]
[SourceVersion "1"]
[SourceVersionDate "2024.10.14"]
[SourceQuality "1"]

1. e4 c5 2. Nf3 d6 3. d4 cxd4 4. Nxd4 Nf6 5. Nc3 a6 6. h3 e5 7. Nb3 Be6 8. Be3 h5 9. Qf3 Nbd7 10. Bd3 Rc8 11. 0-0-0 Nb6 12. Bxb6 Qxb6 13. Nd5 Qd8 14. Kb1 Nd7 15. c4 g6 16. g3 a5 17. c5 Bxd5 18. exd5 Nxc5 19. Bb5+ Ke7 20. Rhe1 Bg7 21. Nd4 Qb6 22. a4 Rc7 23. g4 Kd8 24. Re2 Re7 25. Qe3 Bf6 26. Nb3 Rc7 27. Nd2 Be7 28. Nc4 Qa7 29. Nxe5 Bf6 30. Nxg6 Kc8 31. Nxh8 Re7 32. Qf3 Be5 33. Nxf7 1-0

[Event "Thessaloniki Vardaris op 7th"]
[Site "Thessaloniki"]
[Date "2024.03.17"]
[Round "5"]
[White "Loukopoulos, Panagiotis Athanasi"]
[Black "Kassios, Dimitrios"]
[Result "1/2-1/2"]
[WhiteElo "2094"]
[BlackElo "1935"]
[PlyCount "149"]
[EventDate "2024.03.14"]
[EventType "swiss"]
[EventRounds "7"]
[EventCountry "GRE"]
[SourceTitle "CBM 219 Extra"]
[Source "ChessBase"]
[SourceDate "2024.05.31"]
[SourceVersion "1"]
[SourceVersionDate "2024.05.31"]
[SourceQuality "1"]

1. e4 c6 2. d4 d5 3. exd5 cxd5 4. Bd3 Nc6 5. c3 Nf6 6. h3 e5 7. dxe5 Nxe5 8. Nf3 Bd6 9. Be2 Nxf3+ 10. Bxf3 Be6 11. 0-0 0-0 12. Be3 Bc7 13. Bc5 Re8 14. Nd2 Nd7 15. Bd4 Qg5 16. Bg4 f5 17. Be2 Bf7 18. Bb5 Qf4 19. g3 Qd6 20. Qf3 a6 21. Bd3 f4 22. Qxf4 Qxf4 23. gxf4 Bxf4 24. Nf3 Bh5 25. Kg2 Rf8 26. Nh2 Ne5 27. Bxe5 Bxe5 28. Ng4 Bc7 29. Bc2 Rf4 30. Bb3 Rd8 31. f3 Kf8 32. Ne3 Bf7 33. Nc2 Bb6 34. Rad1 d4 35. Nxd4 Bxd4 36. Bxf7 Kxf7 37. Rxd4 Rfxd4 38. cxd4 Rxd4 39. Rf2 Kf6 40. Kg3 h5 41. h4 Ra4 42. a3 g5 43. hxg5+ Kxg5 44. Rd2 h4+ 45. Kh3 Kf4 46. Rd7 Kxf3 47. Rxb7 Ke3 48. Rd7 Rd4 49. Ra7 Ra4 50. b4 Kd4 51. Kxh4 Kc4 52. Kg4 Rxa3 53. Kf4 Kxb4 54. Ke4 a5 55. Kd4 Rh3 56. Rb7+ Ka3 57. Kc4 a4 58. Ra7 Rb3 59. Ra8 Rb4+ 60. Kc3 Rh4 61. Ra7 Ka2 62. Kc2 a3 63. Ra8 Rh2+ 64. Kc1 Rh3 65. Kc2 Ka1 66. Rg8 Ka2 67. Ra8 Rh7 68. Rc8 Rb7 69. Rc6 Rb2+ 70. Kc1 Ka1 71. Ra6 a2 72. Ra8 Rb7 73. Rc8 Rb1+ 74. Kc2 Rb2+ 75. Kc1 1/2-1/2

[Event "Nikaia op 29th"]
[Site "Nikaia"]
[Date "2022.09.04"]
[Round "4"]
[White "Dallis, Ioannis"]
[Black "Kassios, Dimitrios"]
[Result "1/2-1/2"]
[WhiteElo "1524"]
[BlackElo "1822"]
[PlyCount "80"]
[EventDate "2022.09.01"]
[EventType "swiss"]
[EventRounds "9"]
[EventCountry "GRE"]
[SourceTitle "CBM 210 Extra"]
[Source "ChessBase"]
[SourceDate "2022.11.30"]
[SourceVersion "1"]
[SourceVersionDate "2022.11.30"]
[SourceQuality "1"]

1. e4 c5 2. Nc3 Nc6 3. Bb5 Nf6 4. Bxc6 bxc6 5. d3 g6 6. f4 Bg7 7. Nf3 Rb8 8. 0-0 0-0 9. Qe1 d5 10. e5 Nd7 11. b3 e6 12. Na4 f6 13. Ba3 fxe5 14. fxe5 Nxe5 15. Nxe5 Rxf1+ 16. Kxf1 Qf6+ 17. Kg1 Qxe5 18. Qxe5 Bxe5 19. Re1 Bd4+ 20. Kh1 c4 21. dxc4 dxc4 22. Bd6 Rb5 23. c3 cxb3 24. cxd4 bxa2 25. Nc3 Rb2 26. Ra1 Rc2 27. Nxa2 c5 28. dxc5 a5 29. Kg1 Bb7 30. Nc1 Rxg2+ 31. Kf1 Rc2 32. Nb3 Bd5 33. Nxa5 e5 34. c6 Bxc6 35. Nxc6 Rxc6 36. Bxe5 Kf7 37. Ra7+ Ke6 38. Bf4 Kf5 39. Rf7+ Kg4 40. Bh6 g5 1/2-1/2

[Event "Nikaia op 29th"]
[Site "Nikaia"]
[Date "2022.09.02"]
[Round "2"]
[White "Kotronias, Vasilios"]
[Black "Kassios, Dimitrios"]
[Result "1-0"]
[WhiteElo "2468"]
[BlackElo "1822"]
[PlyCount "109"]
[EventDate "2022.09.01"]
[EventType "swiss"]
[EventRounds "9"]
[EventCountry "GRE"]
[SourceTitle "CBM 210 Extra"]
[Source "ChessBase"]
[SourceDate "2022.11.30"]
[SourceVersion "1"]
[SourceVersionDate "2022.11.30"]
[SourceQuality "1"]

1. e4 c6 2. Nc3 d5 3. Nf3 dxe4 4. Nxe4 Nf6 5. Nxf6+ exf6 6. Bc4 Bd6 7. Qe2+ Qe7 8. Qxe7+ Kxe7 9. 0-0 Re8 10. Re1+ Kf8 11. Rxe8+ Kxe8 12. d4 Bf5 13. Bb3 a5 14. a4 Nd7 15. Be3 Nf8 16. d5 Be4 17. Nd4 Bxd5 18. Bxd5 cxd5 19. Nf5 Kd7 20. Nxg7 Rc8 21. c3 Ne6 22. Nf5 Rc4 23. g3 Bc5 24. Rd1 Nc7 25. Bxc5 Rxc5 26. Ne3 Kc6 27. Rd4 b5 28. Rf4 Ne8 29. axb5+ Rxb5 30. b4 axb4 31. cxb4 Kd6 32. Kf1 Ke6 33. Nc2 Rb7 34. Rh4 Nd6 35. Rxh7 Rc7 36. Nd4+ Ke5 37. Nf3+ Ke6 38. Rh8 Rb7 39. Nd4+ Kd7 40. Rh5 f5 41. b5 Ke7 42. h4 Nxb5 43. Nxf5+ Ke6 44. g4 Nc3 45. Rh8 Ne4 46. Re8+ Kf6 47. Ne3 Nc3 48. g5+ Kg6 49. Rc8 d4 50. Rc6+ Kh7 51. Nf5 Rd7 52. h5 Kg8 53. g6 fxg6 54. hxg6 Rd8 55. Rc7 1-0

[Event "GRE-chT 49th"]
[Site "Thessaloniki"]
[Date "2022.08.15"]
[Round "5.10"]
[White "Marinakis, Hristos"]
[Black "Kassios, Dimitrios"]
[Result "1-0"]
[WhiteElo "2161"]
[BlackElo "1822"]
[PlyCount "63"]
[EventDate "2022.08.12"]
[EventType "team-swiss"]
[EventRounds "7"]
[EventCountry "GRE"]
[SourceTitle "CBM 209 Extra"]
[Source "ChessBase"]
[SourceDate "2022.09.30"]
[SourceVersion "1"]
[SourceVersionDate "2022.09.30"]
[SourceQuality "1"]
[WhiteTeam "Chania Kethon"]
[BlackTeam "Treis Asteres"]
[WhiteTeamCountry "GRE"]
[BlackTeamCountry "GRE"]

1. Nf3 Nf6 2. g3 g6 3. Bg2 Bg7 4. 0-0 0-0 5. c4 d6 6. Nc3 e5 7. d3 Nbd7 8. Rb1 a5 9. a3 Ne8 10. b4 f5 11. Bg5 Nef6 12. Qd2 Rf7 13. Ne1 Qf8 14. Nd5 c6 15. Nc7 Ra7 16. Be3 c5 17. Ne6 Qe7 18. Nxg7 Kxg7 19. Nf3 Ng4 20. Bg5 Qe8 21. h3 Ngf6 22. bxc5 Nxc5 23. Be3 Rc7 24. d4 Nce4 25. Qb2 Ra6 26. dxe5 dxe5 27. Nxe5 Re6 28. Bxe4 Rxe5 29. Bf4 Rxe4 30. Bxc7 Rxe2 31. Qc3 Qe7 32. Bxa5 1-0

[Event "GRE-chT U16"]
[Site "Thessaloniki"]
[Date "2021.12.19"]
[Round "6.2"]
[White "Kassios, Dimitrios"]
[Black "Mitsiou, Georgios"]
[Result "1-0"]
[WhiteElo "1635"]
[BlackElo "1573"]
[PlyCount "73"]
[EventDate "2021.12.16"]
[EventType "team-swiss"]
[EventRounds "6"]
[EventCountry "GRE"]
[SourceTitle "CBM 205 Extra"]
[Source "ChessBase"]
[SourceDate "2022.01.31"]
[SourceVersion "1"]
[SourceVersionDate "2022.01.31"]
[SourceQuality "1"]
[WhiteTeam "Asteres"]
[BlackTeam "Polygyrou ASO"]
[WhiteTeamCountry "GRE"]
[BlackTeamCountry "GRE"]

1. e4 c6 2. d4 d5 3. Nc3 dxe4 4. Nxe4 Nf6 5. Nxf6+ exf6 6. Bd3 Bd6 7. Nf3 Bg4 8. c3 Qc7 9. Qe2+ Qe7 10. Be3 Nd7 11. h3 Bh5 12. 0-0-0 Nb6 13. g4 Bg6 14. c4 c5 15. dxc5 Bxd3 16. Qxd3 Be5 17. cxb6 axb6 18. Nxe5 fxe5 19. Qd6 Qxd6 20. Rxd6 Rxa2 21. Rhd1 0-0 22. Rd8 Ra1+ 23. Kc2 Rxd1 24. Rxf8+ Kxf8 25. Kxd1 Ke7 26. Bxb6 Ke6 27. Ke2 g6 28. Ke3 f5 29. gxf5+ gxf5 30. b4 h5 31. Bc7 Kf6 32. h4 Ke6 33. f3 Kf6 34. c5 Ke6 35. b5 Kd5 36. c6 bxc6 37. b6 1-0